Countries predominantly on a Peninsula - Statistics

General Stats
  • This quiz has been taken 58 times
  • The average score is 34 of 37
Answer Stats
Hint Answer % Correct
Italian Italy
100%
Iberian Andorra
98%
Balkan Bosnia
98%
Scandanavian Norway
98%
Iberian Portugal
98%
Iberian Spain
98%
Scandanavian Sweden
98%
Balkan Bulgaria
96%
Balkan Croatia
96%
Scandanavian Finland
96%
Balkan Greece
96%
Balkan North Macedonia
96%
Balkan Serbia
96%
Italian Vatican city
96%
Balkan Albania
94%
Balkan Kosovo
94%
Balkan Montenegro
94%
Korean North Korea
94%
Arabian Oman
94%
Arabian Qatar
94%
Italian San Marino
94%
Balkan(disputed) Slovenia
94%
Korean South Korea
94%
Arabian Yemen
94%
Arabian Kuwait
92%
Arabian Saudi Arabia
92%
Anatolian Turkey
92%
Arabian United Arab Emirates
92%
Indochinese Laos
90%
Indochinese Thailand
90%
Indochinese Vietnam
90%
Indochinese Cambodia
88%
Horn of Africa Somalia
88%
Balkan(disputed) Romania
85%
Jutland Denmark
81%
Arabian Jordan
81%
Deccan India
79%
No matching quizzes found
Score Distribution
Percent of People with Each Score
Percentile by Number Answered
Your Score History
You have not taken this quiz